<?xml version="1.0" encoding="UTF-8"?><?xml-stylesheet type="text/xsl" href="static/style.xsl"?><OAI-PMH xmlns="http://www.openarchives.org/OAI/2.0/" xmlns:xsi="http://www.w3.org/2001/XMLSchema-instance" xsi:schemaLocation="http://www.openarchives.org/OAI/2.0/ http://www.openarchives.org/OAI/2.0/OAI-PMH.xsd"><responseDate>2026-06-04T05:45:04Z</responseDate><request verb="GetRecord" identifier="oai:riuma.uma.es:10630/40741" metadataPrefix="marc">https://riuma.uma.es/rest/oai/request</request><GetRecord><record><header><identifier>oai:riuma.uma.es:10630/40741</identifier><datestamp>2026-02-12T12:43:59Z</datestamp><setSpec>com_10630_1685</setSpec><setSpec>col_10630_38055</setSpec></header><metadata><record xmlns="http://www.loc.gov/MARC21/slim" xmlns:dcterms="http://purl.org/dc/terms/" xmlns:doc="http://www.lyncode.com/xoai" xmlns:xsi="http://www.w3.org/2001/XMLSchema-instance" xsi:schemaLocation="http://www.loc.gov/MARC21/slim http://www.loc.gov/standards/marcxml/schema/MARC21slim.xsd">
   <leader>00925njm 22002777a 4500</leader>
   <datafield ind2=" " ind1=" " tag="042">
      <subfield code="a">dc</subfield>
   </datafield>
   <datafield ind2=" " ind1=" " tag="720">
      <subfield code="a">Lozano Hernández, Álvaro</subfield>
      <subfield code="e">author</subfield>
   </datafield>
   <datafield ind2=" " ind1=" " tag="260">
      <subfield code="c">2025-06</subfield>
   </datafield>
   <datafield ind2=" " ind1=" " tag="520">
      <subfield code="a">El presente TFG, realizado para la obtención del Título de Graduado en Ingeniería en Tecnologías Industriales, tiene como objetivo el diseño y cálculo de una cubierta metálica para el estadio La Rosaleda, en Málaga. Esta estructura busca proteger a los espectadores frente a las inclemencias meteorológicas y mejorar su confort, cubriendo&#xd;
por completo las gradas. Además, el diseño presenta un componente simbólico: visto desde arriba, su forma recuerda a una rosa, en alusión al nombre del estadio.&#xd;
Debido a la geometría deseada, se ha optado por un sistema de cerchas como solución estructural. La memoria detalla las características principales del diseño, incluyendo la selección del material, la tipología de perfiles estructurales y el análisis de las acciones que actúan sobre la estructura.&#xd;
Para el modelado y análisis estructural se ha empleado el software Dlubal RFEM 6,&#xd;
seleccionado por su precisión y versatilidad en el diseño de estructuras metálicas conforme a los criterios del Eurocódigo. Con esta herramienta se ha realizado un análisis estático de la estructura, evaluando aspectos clave como la flecha máxima, así como un análisis de inestabilidad ante los casos de pandeo más desfavorables y el diseño de la unión más solicitada de la cercha.&#xd;
Los resultados obtenidos confirman la viabilidad técnica y funcional de la solución propuesta, garantizando su seguridad estructural según la normativa vigente.</subfield>
   </datafield>
   <datafield ind1="8" ind2=" " tag="024">
      <subfield code="a">https://hdl.handle.net/10630/40741</subfield>
   </datafield>
   <datafield tag="653" ind2=" " ind1=" ">
      <subfield code="a">Cubiertas (Construcción) - Trabajos fin de grado</subfield>
   </datafield>
   <datafield tag="653" ind2=" " ind1=" ">
      <subfield code="a">Instalaciones deportivas - Trabajos fin de grado</subfield>
   </datafield>
   <datafield ind2="0" ind1="0" tag="245">
      <subfield code="a">Diseño y cálculo de una cubierta metálica para el estadio La Rosaleda</subfield>
   </datafield>
</record>
</metadata></record></GetRecord></OAI-PMH>